000 00557nam a22001937a 4500
003 KOHA_MİRAKIL
005 20251118101256.0
008 251118b tu ||||| |||| 00| 0 tur d
020 _a9789750751745
040 _aTR-AnABB
_btur
_cTR-AnABB
041 _atur
082 _a813.41
_bSAB 2024
100 1 _aSabri, Güzide,
245 1 0 _aÖlmüş bir kadının evrak-ı metrukesi /
_cGüzide Sabri
260 _aİstanbul :
_bCan Sanat Yayınları,
_c2024
300 _a148 sayfa ;
_c18 cm
650 0 4 _aTürk edebiyatı, roman
942 _2ddc
_cBK
999 _c9519
_d9519
900 _bGizem YORULMAZ